Регионална библиотека "Любен Каравелов" - Русе

Англо-русский фразеологический словарь (Запис номер 58339)

MARC детайли
000 -Лидер
Контролно поле с фиксирана дължина 01251nam a2200301 c 4500
003 - Код на организацията, давaща контролен номер
Контролно поле BLK
005 - Дата и час на последна редакция
Контролно поле 20221118101416.0
008 - Елементи от данни с фиксирана дължина
fixed length control field 180408b bul|||||r ||||||| ||bul||
010 ## - Наследен системен номер
LC control number KNG00062375000
040 ## - Източник на каталожния запис
Идентификатор на билиотеката - собственик на записа BLK
041 ## - Код за език
Код за езика на текст/звукозапис или на отделно заглавие Руски
Код за езика КДБФ Руски
080 ## - УДК
Текстов определител УДК Лексикология. Езикови речници и разговорници. Лексикография
УДК код - определител по УДК 81`374
УДК определител =111=161.1
УДК - код + определител 81`374=111=161.1
100 1# - Редна дума - Автор
Автор Кунин, Александр Владимирович
Авторска отговорност първи автор
R(LIN) 288237
139 ## - Редно поле
Редна дума Кунин, Александр Владимирович
Авторски знак Ку - К 93
245 10 - Сведения за заглавието
Заглавие Англо-русский фразеологический словарь
Подзаглавни данни Около 20 000 фразеологических единиц
Редно поле (дума) Александр Владимирович Кунин.
246 11 - Различни форми на заглавието
Паралелно заглавие Englisch-russian phraseological dictionary
250 ## - Област на изданието
Сведения за изданието 4. перераб. изд.
257 ## - Страна на издаване
Страна на създаване/издаване СССР
260 ## - Област на издателските данни
Име на издателя, разпространителя и проч. Рус. яз.
Година на издаване 1984
300 ## - Физическа характеристика
Страници 942 с.
Размери/Мащаб 27 см
380 ## - Жанр
Жанр Езикознание. Филология
720 ## - Неконтролирано име
Паралелен автор A. V. Kunin
Ключова дума за отношение (Описва отношението между автора и произведението) паралелен автор
852 ## - Местоположение
Форматна сигнатура Цб ІІ 6603
856 4# - Електронен адрес и достъп
Електронен формат pdf - файл
Инструкция (цена за достъп) 0.00
Права за достъп disable
856 4# - Електронен адрес и достъп
Електронен формат pdf - файл
Инструкция (цена за достъп) 0.00
Права за достъп disable
999 ## - СИСТЕМНИ КОНТРОЛНИ НОМЕРА
Koha biblionumber 58339
Koha biblioitemnumber 58339
942 ## - АРТИКУЛИ
Вид на библиотечния материал Книги
Скрит в OPAC Не
Периодичен библиозапис Да
944 ## - СЪЗДАВАНЕ И РЕДАКЦИЯ на ЗАПИСА
Създаване/Редакция Създаване
Дата на регистрацията/редакция 13.06.2004
Служител, извършил регистрацията/редакцията Читалня
944 ## - СЪЗДАВАНЕ И РЕДАКЦИЯ на ЗАПИСА
Създаване/Редакция Редакция
Дата на регистрацията/редакция 13.06.2004
Служител, извършил регистрацията/редакцията Геновева_Генчева
999 ## - СИСТЕМНИ КОНТРОЛНИ НОМЕРА
Koha biblioitemnumber 58339
Наличности
Код за отписване Код за изгубен артикул Източник на класификационната схема Код за повреда Коз за рестрикции Код за отдаване Артикулен № Име на библиотеката - собственик Име на библиотеката, в която се намира в момента Статус (Текущо местоположение) Дата на вписване в системата Местоположение - отдел Цена в лева Инвентарен номер Систематично азбучна сигнатура Баркод Номер на екземпляра Цена в евро Служебна бележка Служебен тип на артикула
  Не е изгубен Universal Decimal Classification Не е повреден без рестрикции ползва се в читалня 95268 Регионална библиотека "Любен Каравелов" Русе Регионална библиотека "Любен Каравелов" Русе Читалня - справочен фонд 1993-01-01 Читалня 7.04 414743 СЧ 801.323.2=20/К93А 120000414743 1 3.60 Дата инв: 27.03.2017 Бележки инв: СЧ2017 Книги
Vip Innovations Ltd, Rousse, Bulgaria 2025